|
|
|
|
| LEADER |
00000nam a2200000 a 4500 |
| 001 |
vtls001282036 |
| 003 |
SK-MaSNL |
| 005 |
20260301064745.0 |
| 008 |
240509s1997 xo ap r yy slo |
| 015 |
|
|
|a SNBA1997/0702116
|
| 020 |
|
|
|a 8096763628
|
| 035 |
|
|
|a SNK000233467
|
| 035 |
|
|
|a urn:nbn:sk:snk-amtj1i
|
| 035 |
|
|
|a urn:nbn:sk:snk-am00c6s0
|
| 035 |
|
|
|a 3CBC5F92-1230-40BC-B997-9B6A66C39041
|
| 040 |
|
|
|a SNK
|b slo
|c SNK
|e AACR2
|
| 041 |
0 |
|
|a slo
|
| 044 |
|
|
|a xo
|c SK
|
| 080 |
|
|
|a 528.41(075.8)
|2 1981
|
| 100 |
1 |
|
|a Weiss, Gabriel,
|d 1955-
|4 aut
|9 39592
|
| 245 |
1 |
0 |
|a Geodetické lokálne siete
|n 1.
|c G. Weiss, J. Sütti
|
| 260 |
|
|
|a V Košiciach
|b Štroffek
|c 1997
|
| 300 |
|
|
|a 88 s.
|b sch., tab.
|c 29 cm
|
| 500 |
|
|
|a 130 výt.
|
| 504 |
|
|
|a Bibliogr. s. 80-87
|
| 650 |
0 |
7 |
|a geodetické siete
|2 SNK
|9 67306
|
| 655 |
|
7 |
|a Textbooks (higher)
|2 SNKPHeng
|9 276436
|
| 655 |
|
7 |
|a učebnice vysokých škôl
|2 SNKPH
|9 70191
|
| 700 |
1 |
|
|a Sütti, Juraj,
|d 1930-
|4 aut
|
| 752 |
|
|
|a Košice
|
| 919 |
|
|
|a 80-967636-2-8
|
| 958 |
|
|
|a TL
|
| 958 |
|
|
|a NB
|
| 958 |
|
|
|a UV
|
| 958 |
|
|
|a OND
|
| 999 |
|
|
|c 628112
|d 630042
|
| 952 |
|
|
|t P60, <09>, [BOOK], {629}
|a SNK
|b SNK
|y NEVYP
|7 0
|o snkB 403
|i snk1485/970408
|0 0
|1 0
|4 0
|d 1997-04-07
|l 0
|r 2005-01-02 00:00:00
|w 2026-02-23
|
| 952 |
|
|
|t P60, <03>, [BOOK], {603}
|a SNK
|b SNK
|y PREZ
|7 0
|p 17A0054747
|o snkSB 56786/1
|i snkKSP 3384/97
|0 0
|1 0
|4 0
|d 1997-04-07
|f 1
|l 0
|r 2025-04-02 00:00:00
|w 2026-02-23
|
| 952 |
|
|
|t P60, <04>, [BOOK], {604}
|a SNK
|b SNK
|y VYP
|7 0
|p 17A0054748
|o snkSB 56786/1 D1
|i snkKSP 3385/97
|0 0
|1 0
|4 0
|d 1997-04-07
|l 0
|r 2005-01-02 00:00:00
|w 2026-02-23
|